| 000 | 00640 a2200193 4500 | ||
|---|---|---|---|
| 020 | _a0814450032 | ||
| 020 | _a9780814450031 | ||
| 082 | 0 | 4 | _a658.404 |
| 090 |
_c3536 _d3536 |
||
| 100 | 1 | _aPMP, Paul C. Dinsmore. | |
| 245 | 1 | 0 |
_aHuman factors in project management / _cPaul C. Dinsmore PMP. |
| 250 | _aRev Sub ed. | ||
| 260 |
_a[S.l.] : _bAMACOM, _c1990. |
||
| 300 |
_a240 p. ; _c24 cm. |
||
| 500 | _aHardcover. | ||
| 856 | 4 | 0 |
_3Amazon.com _uhttp://www.amazon.com/exec/obidos/ASIN/0814450032/chopaconline-20 |
| 856 | 4 | 0 |
_3Amazon customer reviews _uhttp://www.chopac.org/cgi-bin/tools/azrev.pl?q=0814450032 |
| 942 |
_aNBS _cBK _k658.404 DIN |
||
| 999 |
_c346010 _d346010 |
||